000 00656 a2200241 4500
001 61071
005 20260407155901.0
008 260407a1990 arg spa d
003 AR-UNSa-BCEJYS
040 _aAR-UNSa-BCEJYS
_bspa
_cAR-UNSa-BCEJYS
080 _a369
_xSeguridad social
245 1 0 _aRégimen de previsión social
_pLey 18.037
020 _a978-950-508-323-7
264 1 _aBuenos Aires :
_bAstrea
_c1990
300 _a439 p.
_c20 cm.
041 _aspa
942 _cBK
590 _aniveau_biblio:m niveau_hierar:0
100 1 _aBrito Peret, José Ismael
700 1 _aJaime, Raúl C.
650 _aLEY 18.037
650 _a ley 18 037
999 _c7200
_d7200